000 00369nam a2200133 a 4500
001 000038994
005 20201002031442.0
008 110114s1996 dr 000 0 spa d
040 _aDO-SdBNP
_bspa
_cBNPHU
082 _axxxx
_bG943
245 0 0 _aGuía provincia MSC República Dominicana.
260 _aSanto Domingo :
_bEdiciones MSC,
_c1996.
300 _a27 p. ;
_c22 cm.
999 _c38484
_d38484